Statistics for Bread Alone

Click here to take the quiz!

General Stats

  • This quiz has been taken 10,443 times
  • The average score is 11 of 16

Answer Stats

Question Answer % Correct
What makes bread rise?Yeast
96%
What fairy tale characters left a trail of bread crumbs to guide them back home?Hansel and Gretel
87%
What type of French bread is shaped like a long tube?Baguette
87%
What type of bread is used to build houses and men at Christmas time?Gingerbread
85%
Who supposedly said that, if the people had no bread, "let them eat cake"?Marie Antoinette
84%
What does most bread have that a person with celiac disease can't tolerate?Gluten
84%
What type of Mediterranean bread sometimes includes a pocket?Pita
76%
Name a type of bread that is commonly served at Indian restaurantsNaan / Chapati / Roti
75%
What is the name of the ritual in which Christians eat bread that
symbolizes the body of Christ?
Eucharist
73%
What word comes before "bread" in the Lord's Prayer?Daily
72%
On what Jewish holiday do people eat unleavened bread?Passover
68%
What is the Spanish word for bread?Pan
65%
What type of bread is naturally fermented?Sourdough
49%
What type of durable but tedious bread product did sailors eat on long sea voyages?{Hard}tack
40%
What country did bagels originally come from?Poland
38%
What were Roman leaders expected to provide to keep the people fed and entertained?Bread and {Circuses}
26%

Score Distribution

Percentile by Number Answered

Percent of People with Each Score

Your Score History

You have not taken this quiz